The last Pharaoh : Farouk of Egypt /

محفوظ في:

المؤلف الرئيسي: Mcleave, Hugh (مؤلف)

التنسيق: كتاب

اللغة: English

منشور في: New York : McCall Pub. Co., [1970, c1969].

الطبعة: [1st American ed.]

الموضوعات:

الوسوم: إضافة وسم

لا توجد وسوم, كن أول من يضع وسما على هذه التسجيلة!

رقم الطلب: DT107.82 .M19 1970

LEADER 00835namaa2200277 4500
001 14047
003 OSt
005 20250512072731.0
008 130303s1970 nyuc b 000 0beng d
010 |a 79104948 
020 |a 0841500207 
040 |c ARCE Library 
043 |a f-ua--- 
050 4 |a DT107.82 .M19 1970 
100 1 |a Mcleave, Hugh,  |e author  |9 35732 
245 1 4 |a The last Pharaoh :  |b Farouk of Egypt /  |c Hugh Mcleave. 
250 |a [1st American ed.] 
264 1 |a New York :   |b McCall Pub. Co.,   |c [1970, c1969]. 
300 |a 314 pages :  |b Portraits ;  |c 22 cm. 
504 |a Bibliography : pages [302]-304. 
600 0 0 |a Faruk  |b I,  |c King of Egypt,  |d 1920-1965. 
651 0 |a Egypt  |x Kings and rulers  |v Biography. 
651 0 |a Egypt  |x Politics and government  |y 1919-1952. 
901 |a reviewed 
942 |c BK  |2 lcc 
999 |c 13536  |d 13536